000 00412cam a22001217a 4500
008 180718b1984 xxu||||| |||| 00| 0 eng d
082 _aA81x54 In2/81/9/Pt2B/1
100 _aCensus of India 1981
245 _aKarnataka: primary census abstract, general population
260 _aDelhi
_bThe Controller of Publications
_c1984
300 _a206+p.
440 _aCensus of India 1981. Series-9, Karnataka. Part II-B (i)
999 _c482801
_d482801